00858 2200241 4500001002100000005001500021035002000036007000300056008004100059020001800100082001400118084002000132100003000152245010800182250000600290260003400296300003000330700002800360700003200388650003100420520014800451990001700599INLIS00000000000078820260421080248 a0010-0523000330ta260421 b 1 ind  a979-9140-75-7 a899.221.3 a899.221.3 PIP j0 aPipit Senja ( Pengarang )1 aJendral Kancil :bkumpulan cerita anak /cPipit Senja ; editor, Helimi Murad ; ilustrator, Dedi Fadilah a- aJakarta :bZikrul Kids,c2004 a96 :bilus. ;c17.5 cme-0 aHelimi Murad ( Editor )0 aDedi Fadilah ( Ilustrator ) 4aFiksi - Bacaan anak - anak aPara serdadu terbahak-bahak melihat ketakutan pemuda,tampaknya pemuda desa itu betul-betul ketakutan. Oh.....aduh.... sampai terkencing-kencing a00061/K/2017